| 000 | 01431cam a22003977a 4500 | ||
|---|---|---|---|
| 003 | CHAP | ||
| 005 | 20220817043804.0 | ||
| 008 | 010816d1992 mx d r 00110 spa d | ||
| 010 | _a84460 | ||
| 011 | _a85432 | ||
| 020 | _a01853384 | ||
| 035 | _a95965 | ||
| 040 | _cCHAP | ||
| 090 | _aFolleto 16324 | ||
| 100 | 0 | 0 |
_aAnibal Feliz, Raul. _95999 |
| 245 | 1 | 0 |
_aDeterminantes del crecimiento económico en América Latina: _bla evidencia empírica, 1950-1989 _c/por Raúl Aníbal Feliz |
| 260 |
_aMéxico, D.F. : _bCentro de Investigación y Docencia Económicas. División de Economía, _c1992 |
||
| 300 |
_a25 p. _bcuadros |
||
| 410 | 2 | 1 | _aCIDE. División de Economía |
| 490 | 0 |
_aDocumentos de trabajo _v7 |
|
| 590 |
_aBATCH-UPD _b10 _c20130110 _lUCH01 _h0228 |
||
| 590 |
_aBATCH-UPD _b10 _c20130110 _lUCH01 _h1028 |
||
| 590 |
_aBATCH-UPD _b10 _c20130409 _lUCH01 _h2251 |
||
| 590 |
_aBATCH-UPD _b10 _c20130410 _lUCH01 _h1256 |
||
| 590 |
_aBATCH-UPD _b10 _c20130914 _lUCH01 _h1151 |
||
| 590 |
_aCONVERSION _b10 _c20130109 _lUCH01 _h1347 |
||
| 650 | 1 | 4 |
_aAmerica Latina _xAspectos economicos. _95385 |
| 650 | 1 | 4 |
_aAmerica Latina _xCondiciones economicas. _95390 |
| 650 | 1 | 4 | _aDesarrollo económico. |
| 810 | 0 | 0 |
_aCIDE. División de Economía _923094 |
| 830 | 0 |
_aDocumentos de trabajo _v7 _933268 |
|
| 901 | _aBK | ||
| 905 | _aMarco A. Mendoza T. | ||
| 942 | _cFOLL | ||
| 949 |
_aFolleto 16324 _bBC _cFOLL _d33724002010827 _eTS1 _i95965 _sb |
||
| 999 |
_c84460 _d84460 |
||